000 00900nmm a2200277 a 4500
001 ocm0001349751
003 TR-IsHL
005 20201028161319.0
008 161016s2015 tu tur
007 cr cn
020 _a9789752697034
035 _a1349751
_b(N$T)
050 0 4 _aBP183.3
_bA78
090 0 4 _aBP183.3
_bA78
100 1 _aArvas, Selcen Yüksel
245 1 0 _aBenim namazım
_h[electronic resource] /
_cSelcen Yüksel Arvas ; resimleyen Afra Elif
260 _aİstanbul :
_bNesil Çocuk Yayınları,
_c2015
300 _a129 p.
650 4 _aFelsefe, Psikoloji ve Din
650 4 _aPhilosophy, Psychology and Religion
650 0 _aIslam, Prayer
650 0 _aİslam, Namaz (Dua)
650 7 _aRELIGION / Prayerbooks / Islamic
_2bisacsh
700 1 _aElif, Afra
856 4 0 _uhttp://search.ebscohost.com/login.aspx?direct=true&scope=site&db=e011xww&AN=1349751
999 _c14053
_d14053